00289nam a2200121Ia 4500008004100000041000900041082001500050100002000065245002700085260003900112300000800151650000800159230718s9999 xx 000 0 und d aEng. a610bYEL-C aYeltong Michael 0aCase Management Series aPakistanbSonett and Maxwellc1998 a305 aLaw